| 000 | 00591nam a2200181Ia 4500 | ||
|---|---|---|---|
| 003 | GCL | ||
| 008 | 140319s9999 xx 000 0 eng d | ||
| 040 |
_aGCL / _cGCL |
||
| 082 | 0 | 4 |
_a004.678 _bK S |
| 100 | 1 | _aKHALED MOHAMED KHALED | |
| 245 | 1 | 0 |
_aSCIENCE WEB GUIDE : _bTHE EASY WAY TO GET YOUR WEBSITES IN THIS WEB GUIDE / _cKHALED MOHAMED KHALED |
| 260 |
_aالقاهرة : _bالمركز العلمى لتبسيط العلوم للنشر والتوزيع |
||
| 300 |
_a19 CM ؛ _c226 P |
||
| 650 | 0 | 4 | _aINTERNET |
| 650 | 0 | 4 | _aSCIENCE - WEB SITE |
| 650 | 0 | 4 | _aWEB GUIDE |
| 942 |
_2ddc _cBK |
||
| 999 |
_c9314 _d9314 |
||